000 00402cam a2200169ua 4500
041 _aeng
_h
082 _a821
_bBAY/FA
100 _aBayley, P C .
245 _aFaerie Queene, /
_cP C Bayley.
_hTextual Documents
260 _aLondon :
_bOxford University Press ,
_c1966.
300 _a344 ; .
504 _a
942 _cBK
999 _c4454
_d4454